América tierra firme

Gespeichert in:
Bibliographische Detailangaben
1. Verfasser: Arciniegas, Germán (VerfasserIn)
Format: Buch
Sprache:Spanisch
Veröffentlicht: Buenos Aires Sudamericana 1959
Schriftenreihe:Colección Piragua. Ensayos, 15
Schlagworte:
Tags: Tag hinzufügen
Keine Tags, Fügen Sie den ersten Tag hinzu!

MARC

LEADER 00000nam a2200000 a 4500
001 UCI5509
003 CL-VaPUC
008 080328e19590000AG |||||||||||||||||spa|d
082 0 4 |a 301  |b ARC  |2 21 
100 0 |a Arciniegas, Germán  |e author  |9 527934 
245 1 0 |a América tierra firme 
300 |a 215 p 
942 |c BK 
945 |d 20080328 00:00:00  |a jtorresc 
260 |a Buenos Aires  |b Sudamericana  |c 1959 
650 0 |a Sociología   |9 255410 
650 0 |a Condiciones sociales   |9 257278 
651 0 |a América  |9 255182 
583 |a last modification  |c 20080328 00:00:00  |k Rodrigo Vera 
490 0 |a Colección Piragua. Ensayos, 15 
999 |c 329247  |d 329245 
952 |0 0  |1 0  |4 0  |6 301_000000000000000_ARC_1959  |7 0  |8 A  |9 413618  |a BIBHIS  |b BIBHIS  |d 2019-11-22  |i 4416465  |o 301 ARC 1959  |p 4416465  |r 2025-01-20  |w 2019-11-22  |y BK  |k HIS